| 000 | 005250000a22001810004500 | ||
|---|---|---|---|
| 003 | MACL | ||
| 005 | 20160223124323.0 | ||
| 008 | 160223b xxu||||| |||| 00| 0 eng d | ||
| 040 |
_aMACL _cMACL |
||
| 041 | _aHindi | ||
| 082 | _a640 | ||
| 100 |
_aअहमद श्री मदनलाल _939576 |
||
| 245 | _aमिरातुल-अुरूस | ||
| 260 |
_bसाहित्य अकादमी _aनई दिल्ली |
||
| 350 | _a5 | ||
| 650 |
_aHome Economics _939577 |
||
| 942 |
_cHIN _k640 _2ddc |
||
| 999 |
_c25286 _d25286 |
||